Electrophoresis in practice: a guide to methods and applications of DNA and protein separations
Salvato in:
| Autori principali: | , , |
|---|---|
| Natura: | Libro |
| Lingua: | inglese |
| Pubblicazione: |
Weinheim
Wiley-CVH Verlag
2005
|
| Edizione: | 4a. ed |
| Soggetti: | |
| Tags: |
Aggiungi Tag
Nessun Tag, puoi essere il primo ad aggiungerne!!
|
MARC
| LEADER | 00000cam a2200000 a 4500 | ||
|---|---|---|---|
| 001 | UCE3452 | ||
| 003 | CL-VaPUC | ||
| 008 | 140905e20050000gw |||||||||||||||||eng|d | ||
| 020 | |a 3527311815 | ||
| 082 | 0 | 4 | |a 541.372 |b WES |2 21 |
| 100 | 0 | |a Westermeier, Reiner |e author |9 575927 | |
| 700 | 0 | |a Gronau, Sonja |e author |9 575928 | |
| 700 | 0 | |a Becket, Phil |e author |9 575929 | |
| 245 | 1 | 0 | |a Electrophoresis in practice: a guide to methods and applications of DNA and protein separations |
| 250 | |a 4a. ed | ||
| 300 | |a 406 p | ||
| 942 | |c BK | ||
| 945 | |d 20140905 00:55:00 |a arojas | ||
| 260 | |a Weinheim |b Wiley-CVH Verlag |c 2005 | ||
| 650 | 7 | |a QUIMICA DE LA MADERA |2 CL-VaPUC |9 524772 | |
| 650 | 7 | |a ELECTROFORESIS |2 CL-VaPUC |9 261799 | |
| 583 | |a last modification |c 20140905 00:55:00 |k Rodrigo Vera | ||
| 999 | |c 356739 |d 356737 | ||
| 952 | |0 0 |1 0 |3 erd |4 0 |6 541_372000000000000_WES_2005 |7 0 |8 A |9 464303 |a BIBCUR |b BIBCUR |i 5112060 |o 541.372 WES 2005 |p 5112060 |r 2025-04-22 |w 2019-11-23 |y BK |z Catalogado en:20140905 |k QUI | ||
| 952 | |0 0 |1 0 |3 erd |4 0 |6 541_372000000000000_WES_2005 |7 0 |8 A |9 464304 |a BIBCUR |b BIBCUR |i 5136733 |o 541.372 WES 2005 |p 5136733 |r 2025-04-22 |w 2019-11-23 |y BK |z Catalogado en:20150305 |k QUI | ||